Gruppi di tre #2 - Statistics

Statistiche generali
  • Questo quiz è stato fatto 8.591 volte
  • Il punteggio medio è 31 su 60
Statistiche sulle risposte
Group Risposta % Corretto
Componenti dell'Atomo Neutroni
87%
Componenti dell'Atomo Elettroni
86%
Vincitori italiani dell'Eurovision Maneskin
86%
Bambini della famiglia Simpson Bart
85%
Componenti dell'Atomo Protoni
85%
Ossa più lunghe della gamba Femore
83%
Ossa più lunghe della gamba Tibia
81%
Bambini della famiglia Simpson Lisa
77%
Paesi baltici (ex-URSS) Estonia
76%
Potenze dell'Asse Germania
76%
Macronutrienti Carboidrati
75%
Potenze dell'Asse Italia
75%
Paesi baltici (ex-URSS) Lettonia
75%
Paesi baltici (ex-URSS) Lituania
75%
Macronutrienti Proteine
75%
Ossa più lunghe della gamba Perone
73%
Potenze dell'Asse Giappone
70%
Macronutrienti Grassi
68%
Primo Triumvirato dell'Antica Roma Giulio Cesare
67%
Religioni Abramitiche Islam
66%
Religioni Abramitiche Cristianesimo
65%
Religioni Abramitiche Ebraismo
64%
"Tre parole" di Valeria Rossi Amore
62%
"Tre parole" di Valeria Rossi Cuore
61%
Trilogia del "Signore degli anelli" La {Compagnia} dell'anello
61%
"Tre parole" di Valeria Rossi Sole
61%
Nome delle mogli di Enrico VIII Anne
60%
Capitali del Sudafrica Città del capo
60%
Bambini della famiglia Simpson Maggie
59%
Figli di Adamo ed Eva Caino
57%
Figli di Adamo ed Eva Abele
56%
Città sante dell'Islam Sunnita La Mecca
53%
Ceti della Francia prerivoluzionaria Nobiltà
49%
Trilogia del "Signore degli anelli" Il {Ritorno} del Re
47%
Maggiori aeroporti di New York John F. Kennedy
47%
Capitali del Sudafrica Pretoria
47%
Trilogia del "Signore degli anelli" Le {Due} {Torri}
46%
Ceti della Francia prerivoluzionaria Clero
42%
Primo Triumvirato dell'Antica Roma Pompeo
41%
Primo Triumvirato dell'Antica Roma Crasso
40%
Città sante dell'Islam Sunnita Gerusalemme
40%
Nazioni che occupano l'isola del Borneo Indonesia
40%
Ceti della Francia prerivoluzionaria Terzo Stato
40%
Nome delle mogli di Enrico VIII Catherine
38%
Nazioni che occupano l'isola del Borneo Malesia
37%
Nazioni che occupano l'isola del Borneo Brunei
33%
Regioni del Belgio Fiandre
33%
Tipologie di rocce Sedimentarie
32%
Città sante dell'Islam Sunnita Medina
31%
Tipologie di rocce Ignee
26%
Capitali del Sudafrica Bloemfontein
22%
Regioni del Belgio Bruxelles - Capitale
22%
Vincitori italiani dell'Eurovision Toto Cutugno
18%
Vincitori italiani dell'Eurovision Gigliola Cinquetti
17%
Tipologie di rocce Metamorfiche
17%
Regioni del Belgio Vallonia
17%
Nome delle mogli di Enrico VIII Jane
16%
Maggiori aeroporti di New York LaGuardia
15%
Maggiori aeroporti di New York Newark
12%
Figli di Adamo ed Eva Seth
9%
Nessun quiz corrispondente trovato
Distribuzione punteggi
Percentuale di utenti per punteggio
Percentile per numero di risposta
I tuoi punteggi nel tempo
Non hai fatto questo quiz